| 000 | 00524nam a22001817a 4500 | ||
|---|---|---|---|
| 999 |
_c5572 _d5572 |
||
| 003 | GBCCL | ||
| 005 | 20241126110545.0 | ||
| 008 | 180327b ||||| |||| 00| 0 eng d | ||
| 020 | _a0730102092 | ||
| 040 | _cgbc | ||
| 082 |
_a613.66 _bSMI |
||
| 100 |
_aSmith, Bronilyn _910053 |
||
| 245 |
_aThe 3-Day self-defence manual / _cBronilyn Smith |
||
| 260 |
_aBalgowlah NSW: _bReed Books Pty Ltd., _c1993 |
||
| 300 |
_a96 p.; _bill., _c17 cm. |
||
| 650 |
_aSelf defence for Women _vHandbooks, manuals, etc. _910054 |
||
| 942 |
_2ddc _cBK |
||